Küresel eğilimler ve Türk çalışma hayatı (Record no. 3806)
[ view plain ]
| 000 -BAŞLIK | |
|---|---|
| Sabit Uzunlukta Kontrol Alanı | 00730na a2200229 4500 |
| 001 - KONTROL NUMARASI | |
| Denetim Alanı | 21058 |
| 003 - KONTROL NUMARASI IDENTIFIER | |
| Denetim Alanı | MIRAKIL |
| 005 - SON İŞLEM TARİHİ VE ZAMANI | |
| Denetim Alanı | 20181213154943.0 |
| 008 - SABİT-BOY VERİ ELEMANLARI - GENEL BİLGİLER | |
| Sabit Uzunlukta Kontrol Alanı | 170131b tu 000 0 |
| 040 ## - KATALOGLAMA KAYNAK | |
| Orijinal Kataloglama Ajansı | Milas |
| Kataloglama Dili | tur |
| Metne Dönüştürmek Ajansı | TR-AnCHP |
| 041 ## - DİL KODU | |
| Metin / Ses Parça Veya Ayrı Başlığın Dil Kodu | tur |
| 082 ## - DEWEY ONLU SINIFLANDIRMA NUMARASI | |
| Sınıflandırma Numarası | 658.542 |
| Ürün Numarası | K96 1997 |
| 090 ## - SINIFLAMA NUMARASI | |
| Sınıflama Numarası | 658.542 K96 1997 |
| 245 ## - BAŞLIK TABLOSU | |
| Başlık | Küresel eğilimler ve Türk çalışma hayatı |
| Sorumluluk Tablosu, Vb | TİSK |
| 260 ## - YAYIN, DAĞITIM, VB | |
| Yayın, Dağıtım, Vb Yeri | Ankara |
| Yayıncı, Dağıtıcı, Vs Adı | TİSK |
| Yayın, Dağıtım, Vb Tarihi | 1997 |
| Üretici Firma | Ajans-Türk Matbaacılık Sanayii A.Ş |
| 300 ## - FİZİKSEL TANIM | |
| Kapsam | 72 s. |
| Diğer Fiziksel Ayrıntıları | tbl. |
| Boyutlar | 22 sm. |
| 490 ## - SERİSİ TABLOSU | |
| Seri Beyanı | Türkiye İşveren Sendikaları Konfederasyonu |
| Hacim / Ardışık Tanımı | 164 |
| 650 ## - KONU KATMA GİRİŞ - TOPİKAL DÖNEM | |
| Topikal Süreli Veya Coğrafi Ad Giriş Elemanı | İş yaşamı |
| Genel Alt Bölümü | Dünya |
| 650 ## - KONU KATMA GİRİŞ - TOPİKAL DÖNEM | |
| Topikal Süreli Veya Coğrafi Ad Giriş Elemanı | Türkiye |
| Genel Alt Bölümü | Çalışma yaşamı |
| 710 ## - KATMA GİRİŞ - KURUMSAL ADI | |
| Giriş Elemanı Olarak Kurumsal Ad Veya Yargı Alanı Adı | Türkiye İşveren Sendikaları Konfederasyonu (TİSK) |
| 942 ## - EKLENDİ GİRİŞ ELEMANLARI (KOHA) | |
| Sınıflandırma Veya Raf Düzeni Kaynak | Dewey Decimal Classification |
| Koha Öğesi Türü | Books |
| 999 ## - SİSTEM KONTROL NUMARALARI (KOHA) | |
| Koha Biblionumber | 3806 |
| Koha Biblioitemnumber | 3806 |
| Kalıcı Konum | Mevcut Konum | Edinme Tarihi | Edinim Kaynak | Toplam Check-Out'Lar | Tam Çağrı Numarası | Barkod | Tarih Son Görülme | İtibaren Geçerli Fiyatlar | Koha Öğesi Türü |
|---|---|---|---|---|---|---|---|---|---|
| CHP Kütüphanesi | CHP Kütüphanesi | 01/31/2017 | Bağış | 658.542 K96 1997 | 012171 | 01/31/2017 | 01/31/2017 | Books |
